00274nam a2200109Ia 4500008004100000100001900041245003800060250000800098260003200106300000800138650001800146191201s2003 xx 000 0 und d aO BRIEN, Derek 4aThe Best Quizzes of Derek O'Brien a1st aN.DelhibPenguin Bookc2003 a199 aGeneral Books